| 000 | 00745nam a2200265Ia 4500 | ||
|---|---|---|---|
| 003 | OSt | ||
| 005 | 20220927111223.0 | ||
| 006 | a|||||r|||| 00| 0 | ||
| 007 | ta | ||
| 008 | 220926b |||||||| |||| 00| 0 eng d | ||
| 024 | _a81675 | ||
| 037 | _cReports | ||
| 040 |
_aRTL _cRTL _beng |
||
| 041 |
_2eng _aeng |
||
| 082 | _a"X91.2r, M2/GD" | ||
| 110 |
_a"Bombay, Khadi And Village Industries Commission" _9381683 |
||
| 245 | 0 | _aReview of khadi and village industries | |
| 260 |
_aBombay _bThe Author India |
||
| 300 |
_a144p. _ccm. |
||
| 490 | _v1981-82 | ||
| 650 | _aIndustries | ||
| 700 |
_a"Bombay, Khadi And Village Industries Commission" _9381684 |
||
| 942 |
_h"X91.2r, M2/GD" _cCC |
||
| 999 |
_c698850 _d698850 |
||